Music Quiz

Random Music or Lyrics Quiz

'Hercules' Lyrics Quiz Stats

 Plays Quiz not verified by Sporcle

Score 0/164 Timer 10:00
0 Plays Today
% Correct
I
100%
I
100%
I
100%
I
100%
I
100%
Hercules
85.7%
her
85.7%
her
85.7%
her
85.7%
Hercules
85.7%
Hercules
85.7%
Ooh,
71.4%
a
71.4%
and
71.4%
a
71.4%
an
71.4%
of
71.4%
Ooh,
71.4%
she
71.4%
on
71.4%
and
71.4%
in
71.4%
the
71.4%
and
71.4%
Ooh,
71.4%
and
71.4%
And
71.4%
it
71.4%
that
71.4%
way,
71.4%
it
71.4%
that
71.4%
way
71.4%
can't
71.4%
it,
71.4%
the
71.4%
way
71.4%
she
71.4%
That
71.4%
old
71.4%
tough
71.4%
man
71.4%
routine
71.4%
up
71.4%
sleeve
71.4%
and
71.4%
loving,
71.4%
kissing
71.4%
and
71.4%
hugging
71.4%
and
71.4%
loving
71.4%
with
71.4%
a
71.4%
cat
71.4%
% Correct
named
71.4%
A
71.4%
cat
71.4%
named
71.4%
it
71.4%
to
71.4%
see
71.4%
with
71.4%
a
71.4%
No
71.4%
with
71.4%
man
71.4%
in
71.4%
a
71.4%
in
71.4%
a
71.4%
up
71.4%
to
71.4%
in
71.4%
a
71.4%
of
71.4%
in
71.4%
a
71.4%
of
71.4%
got
57.1%
busted
57.1%
wing
57.1%
hornet
57.1%
sting
57.1%
like
57.1%
out
57.1%
tune
57.1%
guitar
57.1%
got
57.1%
side,
57.1%
Diana
57.1%
eyes
57.1%
Some
57.1%
men
57.1%
like
57.1%
Chinese
57.1%
life
57.1%
Some
57.1%
men
57.1%
kneel
57.1%
pray
57.1%
well
57.1%
like
57.1%
women
57.1%
like
57.1%
wine
57.1%
I've
57.1%
always
57.1%
liked
57.1%
always
57.1%
% Correct
liked
57.1%
Doo
57.1%
wop
57.1%
shoo
57.1%
wop
57.1%
Doo
57.1%
wop
57.1%
shoo
57.1%
wop
57.1%
shoo
57.1%
wop
57.1%
shoo
57.1%
wop
57.1%
ah
57.1%
dig
57.1%
tease
57.1%
Living
57.1%
Living
57.1%
Oh
57.1%
hurts
57.1%
like
57.1%
hell
57.1%
my
57.1%
gal
57.1%
messing
57.1%
muscle
57.1%
boy
57.1%
superman
57.1%
gonna
57.1%
ruin
57.1%
my
57.1%
plans
57.1%
playing
57.1%
my
57.1%
toys
57.1%
Rich
57.1%
sweating
57.1%
sauna
57.1%
bath
57.1%
Poor
57.1%
boy
57.1%
scrubbing
57.1%
tub
57.1%
Me,
57.1%
stay
57.1%
gritty
57.1%
my
57.1%
ears,
57.1%
washing
57.1%
bucket
57.1%
mud,
57.1%
washing
57.1%
bucket
57.1%
mud
57.1%

You're not logged in!

Compare scores with friends on all Sporcle quizzes.
OR
Log In

Show Comments

Extras

Created Aug 14, 2019ReportNominate
Tags:Lyrics Quiz, Elton John

Top Quizzes Today


Score Distribution

Your Account Isn't Verified!

In order to create a playlist on Sporcle, you need to verify the email address you used during registration. Go to your Sporcle Settings to finish the process.

Report this User

Report this user for behavior that violates our Community Guidelines.

Details: